000 00533nam a22002057a 4500
999 _c6838
_d6838
003 OSt
005 20210325155349.0
008 210325b ||||| |||| 00| 0 eng d
020 _a9780323552295
040 _cNLM
082 _aWA105 C326g 2019
100 _aCelentano, David D.; Szklo, Moyses
_914018
245 _aGordis Epidemiology
250 _a6th ed.
260 _aPhiladephia;
_bElsevier,
_c2019
300 _axi,420p; Col.ill: 23.5cm
504 _aIndex included
650 _aEpidemiology
_91064
942 _2z
_cO_SHELF